banner koha

Combination of enzymatic, mechanical and ultrasonic treatments for improvement of the properties of secondary pulps (Registro n. 235406)

MARC details
000 -LÍDER
campo de controle de tamanho fixo 00867nas a2200289 4500
001 - NÚMERO DE CONTROLE
campo de controle BR2014001119
003 - IDENTIFICADOR DO NÚMERO DE CONTROLE
campo de controle BR-BrBNA
005 - DATA E HORÁRIO DA ÚLTIMA TRANSAÇÃO
campo de controle 20231205123729.0
007 - CAMPO FIXO DE DESCRIÇÃO FÍSICA--INFORMAÇÃO GERAL
campo de controle de tamanho fixo ta
008 - CAMPO DE DADOS FIXOS--INFORMAÇÃO GERAL
campo de controle de tamanho fixo 230509b bl.|||p| |||| 00| 00por d
040 ## - FONTE DA CATALOGAÇÃO
Instituição da catalogação original BR-BrBNA
Idioma da catalogação por
Instituição que transcreveu o registro Biblioteca Nacional de Agricultura
041 ## - CÓDIGO DE IDIOMA
Código do idioma do texto/trilha sonora ou título diferente (En)
072 ## - CÓDIGO DE CATEGORIA DE ASSUNTO
Código de Categoria de Assunto K50
100 1# - ENTRADA PRINCIPAL--NOME PESSOAL
Nome pessoal Silva, J.C. da
100 1# - ENTRADA PRINCIPAL--NOME PESSOAL
Nome pessoal Oliveira, R.C. de
100 1# - ENTRADA PRINCIPAL--NOME PESSOAL
Nome pessoal Batalha, L.R.
100 1# - ENTRADA PRINCIPAL--NOME PESSOAL
Nome pessoal Manfredi, M.
245 1# - TÍTULO
Título Combination of enzymatic, mechanical and ultrasonic treatments for improvement of the properties of secondary pulps
650 ## - ASSUNTO--TERMO TÓPICO
Cabeçalho tópico ou nome geográfico PAPEL
650 ## - ASSUNTO--TERMO TÓPICO
Cabeçalho tópico ou nome geográfico RECICLAGEM
650 ## - ASSUNTO--TERMO TÓPICO
Cabeçalho tópico ou nome geográfico POLPA
650 ## - ASSUNTO--TERMO TÓPICO
Cabeçalho tópico ou nome geográfico ATIVIDADE ENZÍMICA
650 ## - ASSUNTO--TERMO TÓPICO
Cabeçalho tópico ou nome geográfico ULTRA-SOM
773 0# - ENTRADA ANALÍTICA
Título Cerne (Brazil)
ISSN - International Standard Serial Number ISSN 0104-7760
Partes relacionadas (Oct-dez 2013), v. 19(4) p. 653-660
Número de controle do registro BR2014001119
909 ## -
-- 202311
-- Lúcia
-- 55
-- Lúcia Elande
942 ## - ELEMENTOS DE ENTRADA ADICIONADOS (KOHA)
Fonte da classificação ou esquema de arquivamento na estante Classificação AGRIS
Ocultar no OPAC Não
Tipo de material Koha Analítica
Exemplares
Situação do descarte Fonte da classificação ou esquema de arquivamento na estante Situação física Não pode ser emprestado Biblioteca de origem Biblioteca atual Localização na estante Enumeração do periódico / cronologia Total de empréstimos Data de último acesso Número do exemplar Tipo de material Koha Fonte de aquisição
  Classificação AGRIS   Consulta local Biblioteca Nacional de Agricultura - Binagri Biblioteca Nacional de Agricultura - Binagri   (Oct-dez 2013), v. 19(4) p. 653-660   29/11/2023 01 Periódicos Portaria Interministerial nº 164/94

BINAGRI

Telefone: (61)3218-2567/2388/3357/2097 - binagri@agro.gov.br

Ministério da Agricultura e Pecuária , Esplanada dos Ministérios, Bloco D, Anexo B, Brasília/DF, CEP: 70.043-900